| 000 -LEADER | |
|---|---|
| fixed length control field | 00415nam a22001697a 4500 |
| 005 - DATE AND TIME OF LATEST TRANSACTION | |
| control field | 20210219154022.0 |
| 008 - FIXED-LENGTH DATA ELEMENTS--GENERAL INFORMATION | |
| fixed length control field | 210219b ||||| |||| 00| 0 eng d |
| 020 ## - INTERNATIONAL STANDARD BOOK NUMBER | |
| ISBN | 978-93-866-49-72 |
| 041 ## - LANGUAGE CODE | |
| Language code of text/sound track or separate title | eng |
| 100 ## - MAIN ENTRY--AUTHOR NAME | |
| Personal name | KAR, ASHUTOSH |
| 245 ## - TITLE STATEMENT | |
| Title | MEDICINAL CHEMISTRY |
| 250 ## - EDITION STATEMENT | |
| Edition statement | 7TH, ED.2018 |
| 260 ## - PUBLICATION, DISTRIBUTION, ETC. (IMPRINT) | |
| Place of publication | LONDON |
| Name of publisher | NEW AGE INTERNATIONAL PVT.LTD |
| 300 ## - PHYSICAL DESCRIPTION | |
| Number of Pages | 956,p |
| 650 ## - SUBJECT ADDED ENTRY--TOPICAL TERM | |
| Topical Term | PHARMACY |
| 942 ## - ADDED ENTRY ELEMENTS (KOHA) | |
| Koha item type | Books |
| Lost status | Damaged status | Collection code | Home library | Current library | Shelving location | Date acquired | Source of acquisition | Cost, normal purchase price | Accession Number | Koha item type |
|---|---|---|---|---|---|---|---|---|---|---|
| Reference | JRU Library | JRU Library | SHELF-5-B | 19/02/2021 | PURCHES / LBI - 1710 / 11-2-21 | 699.00 | 25590 | Books | ||
| PHARMACY | JRU Library | JRU Library | SHELF-18-C | 19/02/2021 | PURCHES / LBI - 1710 / 11-2-21 | 699.00 | 25591 | Books | ||
| PHARMACY | JRU Library | JRU Library | SHELF-18-C | 19/02/2021 | PURCHES / LBI - 1710 / 11-2-21 | 699.00 | 25592 | Books | ||
| PHARMACY | JRU Library | JRU Library | SHELF-18-C | 19/02/2021 | PURCHES / LBI - 1710 / 11-2-21 | 699.00 | 25593 | Books | ||
| PHARMACY | JRU Library | JRU Library | SHELF-18-C | 19/02/2021 | PURCHES / LBI - 1710 / 11-2-21 | 699.00 | 25594 | Books |